| 000 | 02465nam a22002417a 4500 | ||
|---|---|---|---|
| 005 | 20220224163458.0 | ||
| 008 | 220224b ||||| |||| 00| 0 eng d | ||
| 020 | _a9788131726105 | ||
| 040 | _cAL | ||
| 041 | _aEnglish | ||
| 082 |
_223 _a616.4 _bHADE |
||
| 100 |
_aMac E Hadley and others _921878 |
||
| 245 | _aEndocrinology | ||
| 250 | _aEd 6. | ||
| 260 |
_aNoida _bPearson _c2009 |
||
| 300 |
_axxiii,500 p. _bPB _c28x20 cm. |
||
| 365 |
_aMLSH21CRB338 _b₹799.00 _c₹ _d₹999.00 _e20% _f20-02-2022 |
||
| 520 | _aAppropriate for one-semester junior-graduate level courses in Endocrinology, Endocrine Physiology, as well as courses in medicine, dentistry, pharmacology, nutrition, nursing and other related medical or animal sciences where endocrinology is the focus. Hadley provides comprehensive coverage of endocrinology, centralizing on the critical roles of glands, hormones, receptors and molecular signaling pathways in the control of physiological processes. This up-to-date Sixth Edition reviews the basic concepts, research methodologies and the "state-of-the-art" scientific understanding of each of the major endocrine systems, in examples designed specifically for premedical and related professional courses. This revision of the classic textbook in endocrinology, Hadley's Endocrinology, offers all of the benefits of previous editions, including clear and authoritative explanations of basic concepts, interesting examples and applications, and detailed coverage of vertebrate hormones. A particular focus is placed on the critical roles of glands, hormones, receptors, and molecular signaling pathways in the control of physiological processes. Special Features of This New Edition Include: Expanded and updated introductory chapters that present basic concepts of molecular and cellular and integrative endocrinology, Renewed emphasis on neuroendocrinology and reproductive biology, Current coverage of the latest research methodologies in endocrinology, Research updates in every chapter, Examination of recently discovered hormones, Section heads written as declarative, summary sentences to allow easier reading and review, Think, Analyze, and Review questions at ends of chapters, Completely new illustration program that features two-color diagrams designed to effectively convey information to students. | ||
| 650 |
_aEndocrinology _921879 |
||
| 700 |
_aHADLEY (Mac E) _921880 |
||
| 700 |
_aLEVINE (Jon E) _921881 |
||
| 942 |
_2ddc _cBK |
||
| 999 |
_c221606 _d221606 |
||